000 00365nam a2200133Ia 4500
008 100328s9999 xx 000 0 und d
082 _b24587
100 _aदेशमुख संजीवनी
245 _aकॅरेक्टर
260 _bसंतोष
630 _aकॅरेक्टर
730 _aकॅरेक्टर
942 _cBOOK
999 _c517857
_d517854